| 000 | 00470nam a22001817a 4500 | ||
|---|---|---|---|
| 003 | CEME | ||
| 005 | 20210628203124.0 | ||
| 008 | 210222b xxu||||| |||| 00| 0 eng d | ||
| 020 | _a81-87336-75-7 | ||
| 040 | _c. | ||
| 082 | _a516.3 PAN | ||
| 100 |
_aPande.H.D, Gupta B.N, Khan,M.Q _963448 |
||
| 245 | _aAnalytical geometry and vector analysis | ||
| 260 |
_aNEW DELHI _bDOMINANT PUBLISHERS |
||
| 300 | _a230P | ||
| 650 |
_aVECTOR ANALYSIS _91184 |
||
| 942 |
_cBK _2ddc |
||
| 999 |
_c572267 _d572267 |
||